000 01030nam0a2200325 i 4500
001 RU\NLR\BIBL_A\011172234
005 20241103082512.0
010 _a9785000262719
_9500
021 _aRU
_b2016-49545
_93178
035 _a(NILC)RuMoRGB-008525059
035 _a(NLR Aleph) 011172234
090 _a11771652
_c11771652
100 _a20160705d2016 em y0rusy50 ca
101 0 _arus
102 _aRU
105 _aa|||j|||000yy
200 1 _aПраво
_eучебник для 10-11 кассов
_fС. А. Лосев
210 _aМосква
_cИнтеллект-Центр
_d2016
215 _a480 с.
_cил., табл.
_d22
300 _aНа обл. авт. не указан
320 _aБиблиогр.: с. 476
606 _aПраво
_jУчебники для средней школы
_9894779
_3RU\NLR\AUTH\664055
675 _a373.167.1
686 1 _aХ.я72
700 1 _aЛосев
_bС. А.
801 0 _aRU
_bРГБ
_c20160622
_gRCR
942 _cBOOK
980 _aNBR